O normách, normalizácii a sústave noriem v stavebníctve

Podrobná bibliografia
Hlavný autor: Šamánek, Viktor (Autor)
Médium: Kniha
Jazyk:slovenčina
Fyzický popis:59, [1] s. [2] príl. 8°
Vydavateľské údaje: Bratislava SVTL 1959
Edícia:Edícia rozličnej literatúry
Predmet:

MARC

LEADER 00000nam a2200000 a 4500
001 vtls008354424
003 SK-MaSNL
005 20260302074519.0
008 181127s1959 xo 000 slo
015 |a SKSNBA1959/09-01417 
035 |a SK01SNK19590046641 
035 |a SKM000049104 
040 |a SNK  |b slo  |c SNK  |e AACR2 
041 1 |a slo 
044 |a xo  |c SK 
080 |a 69:006(035)  |2 1981 
100 1 |a Šamánek, Viktor  |4 aut  |9 740258 
245 1 0 |a O normách, normalizácii a sústave noriem v stavebníctve  |c Viktor Šamánek 
260 |a Bratislava  |b SVTL  |c 1959  |e Brno  |f Tisk 
300 |a 59, [1] s. [2] príl.  |c 8° 
490 1 |a Edícia rozličnej literatúry 
500 |a Ilustr. Lit. Tab. 
563 |a 2700 výtl. 
650 0 7 |a stavebníctvo  |2 SNK  |9 726 
650 0 7 |a normy  |x stavebníctvo  |x príručky  |2 SNK  |9 740259 
650 0 7 |a štandardizácia a normalizácia  |x stavebníctvo  |x príručky  |2 SNK  |9 80682 
655 7 |a príručky  |2 SNKPH  |9 74364 
830 0 |a Edícia rozličnej literatúry  |9 308073 
852 |a Slovenská národná knižnica v Martine  |b 10000  |h SD 17778 
852 |a Slovenská národná knižnica v Martine  |b 10000  |h SD 17778 D1 
958 |a OND 
958 |a TL 
958 |a RK 
958 |a NB 
999 |c 1165331  |d 1167261 
952 |a SNK  |b SNK  |y PREZ  |7 0  |p 17A0626500  |o snkSD 17778  |i snkKSP 3284/59  |0 0  |1 0  |4 0  |d 2009-08-04  |l 0  |r 2025-12-02 00:00:00  |w 2026-02-24